| 000 | 00577cab a2200205 4500 | ||
|---|---|---|---|
| 001 | WB2411-20 | ||
| 008 | 090401t1988 xxu||||| |||| 00| 0 eng d | ||
| 035 | _a(Sirsi) u59288 | ||
| 041 | _aeng | ||
| 245 | _aClaim for possession | ||
| 260 | _c1988 | ||
| 350 | _a0 | ||
| 490 |
_aEGCS _v1988 21 |
||
| 520 | _aA report of Dibbs and others v Campbell and another CA 23 February 1988 and the termination of a shorthold tenancy . | ||
| 650 | _aHOUSING ACT 1980 S52 | ||
| 650 | _aRENT ACT 1977 | ||
| 690 | _aLANDLORD AND TENANT-CASE LAW | ||
| 942 | _n0 | ||
| 948 | _c04/03/1997 | ||
| 999 |
_c36365 _d36365 |
||